000 00247nam a2200097Ia 4500
001 1300106
005 20260420095858.0
008 260420s9999 xx 000 0 und d
245 0 _aDENİZATI DIGIDIK
_cNUR KUTLU
260 _bTİMAŞ ÇOCUK YAYINLARI
999 _c1300106
_d1300106